Історія української літератури (Запис № 394408)

МАРК-запис
000 -Лідер
fixed length control field 01054nam a22002417a 4500
003 - Ідентифікатор контрольного номера
control field UA-OsUOA
001 - Контрольний номер
control field 108380
007 - Фіксоване поле фізичного опису
fixed length control field ta
008 - Елементи даних фіксованої довжини – загальна інформація
fixed length control field 20141020b un ||||| |||| 00| 0 ukr d
090 ## - Локальний шифр розміщення
Класифікаційний індекс УДК 82.09(091)(477)
Авторський знак (НП) І-99
040 ## - Джерело каталогізації
Агенція оригінальної каталогізації UA-OsUOA
Мова каталогізації ukr
Агенція, яка здійснювала перезапис UA-OsUOA
Агенція, яка здійснювала модифікацію UA-OsUOA
041 ## - Код мови
Код мови тексту/ звукової доріжки чи окремого заголовка (П) ukr
080 ## - Індекс Універсальної десяткової класифікації
Індекс Універсальної десяткової класифікації (УДК) (НП) 82.09(091)(477)
020 ## - Міжнародний стандартний книжковий номер (ISBN)
Міжнародний стандартний книжковий номер (ISBN) (НП) 978-966-00-1299-8
245 ## - Відомості про назву
Назва (НП) Історія української літератури
260 ## - Публікація, розповсюдження і т.п. (Вихідні дані)
Місце публікації, розповсюдження і т.п. (П) К.
Ім’я/ наймення видавництва, розповсюджувача і т.п. (П) Наукова думка
Дата публікації, розповсюдження і т.п. (П) 2014
300 ## - Фізичний опис
Обсяг 784 с.
520 3# - Резюме і т.п.
Резюме, реферат, анотація, тощо (НП) ЗмістДавня українська література (Х - перша половина XVI ст.)Література Київської Русі. Раннє та зріле Середньовіччя (Х - перша половина ХІІІ ст.)Література пізнього Середньвіччя (друга половина ХІІІ - перша половина ХVI ст.)
650 #7 - Додаткове предметне введення – тематичний термін
Тематичний термін чи географічна назва, як елемент введення (НП) 82 Література. Літературознавство
Джерело заголовка чи терміна UDC
942 ## - Додаткові елементи входу (Коха)
Тип елемента Koha Книги
955 ## - Код типу видання за змістом
Код типу видання за змістом (НП) Наукові видання
Фонди
Стан вилучень Стан втрат Джерело класифікації або схеми стелажів Стан уражень Не для кредиту Постійне місце розташування Поточне розміщення Дата придбання Джерело придбання Вартість, звичайна ціна покупки Інвентарний номер Усього замовленно Повний номер виклику Штрих-код Дата останнього перегляду Ціна ефективна від Тип елемента Koha Дата останньої перевірки
    Universal Decimal Classification     ЧЗ - Читальна зала ЧЗ - Читальна зала 20/10/2014 38/2014 775.00 146589   82.09(091)(477) І-99 146589 15/11/2021 20/10/2014 Книги  
    Universal Decimal Classification     ЧЗ - Читальна зала ЧЗ - Читальна зала 20/10/2014 38/2014 775.00 146590 1 82.09(091)(477) І-99 146590 15/11/2021 20/10/2014 Книги 07/11/2019
    Universal Decimal Classification     ЧЗ - Читальна зала ЧЗ - Читальна зала 23/03/2016 9/2016 775.00 150744   82.09(091)(477) І-99 150744 15/11/2021 20/10/2014 Книги